Web applications with microsoft visual interdev 6.0 MCSD training kit for exam 70-152 / (Record no. 135933)

MARC details
000 -LEADER
fixed length control field 00821nam a22002537a 4500
003 - CONTROL NUMBER IDENTIFIER
control field dpl
005 - DATE AND TIME OF LATEST TRANSACTION
control field 20180827122150.0
008 - FIXED-LENGTH DATA ELEMENTS--GENERAL INFORMATION
fixed length control field 180827b xxu||||| |||| 00| 0 eng d
010 ## - LIBRARY OF CONGRESS CONTROL NUMBER
LC control number B-041495
020 ## - INTERNATIONAL STANDARD BOOK NUMBER
Terms of availability 695.00.00
International Standard Book Number 812031753
035 ## - SYSTEM CONTROL NUMBER
System control number B-041495, B-041499
037 ## - SOURCE OF ACQUISITION
Source of stock number/acquisition Cen Lib/Ret
040 ## - CATALOGING SOURCE
Original cataloging agency DPL
Language of cataloging EN
Transcribing agency 0
082 ## - DEWEY DECIMAL CLASSIFICATION NUMBER
Classification number 004.67
Item number WEB
110 ## - MAIN ENTRY--CORPORATE NAME
Corporate name or jurisdiction name as entry element Microsoft Corporation
9 (RLIN) 97746
245 ## - TITLE STATEMENT
Title Web applications with microsoft visual interdev 6.0 MCSD training kit for exam 70-152 /
260 ## - PUBLICATION, DISTRIBUTION, ETC. (IMPRINT)
Place of publication, distribution, etc New Delhi
Name of publisher, distributor, etc Prentice Hall of India
Date of publication, distribution, etc 2000
270 ## - ADDRESS
City New Delhi
Address M-97, Connaught circus
Postal code 110001
300 ## - PHYSICAL DESCRIPTION
Extent xxvii, 519p.
Dimensions 23cm(Hb)
500 ## - GENERAL NOTE
General note Includes index
650 ## - SUBJECT ADDED ENTRY--TOPICAL TERM
Topical term or geographic name as entry element Web technologies
9 (RLIN) 99445
650 ## - SUBJECT ADDED ENTRY--TOPICAL TERM
Topical term or geographic name as entry element Web development process
9 (RLIN) 99446
942 ## - ADDED ENTRY ELEMENTS (KOHA)
Source of classification or shelving scheme Dewey Decimal Classification
Koha item type English Books
Classification part 004.67
Call number suffix WEB
Holdings
Withdrawn status Lost status Damaged status Not for loan Home library Current library Date acquired Source of acquisition Cost, normal purchase price Total Checkouts Total Renewals Full call number Barcode Date last seen Date checked out Copy number Cost, replacement price Price effective from Koha item type Source of classification or shelving scheme Collection code
        Central Library Central Library 09/10/2015 Cen Lib/Ret 695.00 2 1 004.67 WEB B-041495 15/03/2019 27/02/2019 1 695.00 09/10/2015 English Books    
        Shahdara Branch Shahdara Branch 27/08/2018 BPPD/PUB 695.00     004.67 WEB B-041499 27/08/2018     695.00 27/08/2018 English Books Dewey Decimal Classification Non-fiction

© Delhi Public Library
Hit Counter
free hit counter